[Event "Championnat de France - Open A"]
[Site "Pau"]
[Date "2008.08.21"]
[Round "9.15"]
[White "Donskoi, Karel"]
[Black "Grandadam, Nicolas"]
[Result "0-1"]
[WhiteElo "2084"]
[BlackElo "2112"]
[PlyCount "68"]

1. e4 c5 2. Nf3 e6 3. d4 cxd4 4. Nxd4 a6 5. Be2 Qc7 6. O-O Nf6 7. Nc3 Bb4 8.
Qd3 Nc6 9. Nxc6 bxc6 10. f4 d5 11. e5 Nd7 12. Qg3 g6 13. Bd2 a5 14. Rae1 Ba6
15. Bxa6 Qb6+ 16. Kh1 Qxa6 17. a3 Bc5 18. b4 Bb6 19. Qf3 Qc4 20. Rb1 O-O 21.
Rfe1 axb4 22. Rxb4 Qa6 23. f5 exf5 24. Rh4 Rfe8 25. Qh3 Rxe5 26. Rb1 Rae8 27.
g3 h5 28. Ra4 Qc8 29. Rf1 d4 30. Nb1 Re2 31. Bf4 c5 32. Rc4 Qa6 33. Nd2 Rxd2
34. Bxd2 Qxc4 0-1

[Event "Championnat de France - Open A"]
[Site "Pau"]
[Date "2008.08.21"]
[Round "9.16"]
[White "Favarel, Antoine"]
[Black "Vuillermoz, Robert"]
[Result "1-0"]
[WhiteElo "2074"]
[BlackElo "2105"]
[PlyCount "49"]

1. e4 c5 2. b3 Nc6 3. Bb2 d6 4. Bb5 Nf6 5. Bxc6+ bxc6 6. d3 e5 7. Ne2 Be7 8.
O-O g5 9. Nd2 h5 10. c3 d5 11. d4 cxd4 12. cxd4 Nxe4 13. Nxe4 dxe4 14. Qc2 O-O
15. dxe5 Qd3 16. Rac1 Ba6 17. Rfe1 Rfd8 18. Ng3 Bb4 19. Bc3 Ba3 20. Nxe4 Be7
21. Qb2 Qd5 22. e6 fxe6 23. Bf6 Qd7 24. Bh8 e5 25. Qxe5 1-0

[Event "Championnat de France - Open A"]
[Site "Pau"]
[Date "2008.08.21"]
[Round "9.17"]
[White "Smith, Matthieu"]
[Black "Gozzoli, Cyrille"]
[Result "0-1"]
[WhiteElo "2064"]
[BlackElo "2104"]
[PlyCount "56"]

1. d4 Nf6 2. c4 c6 3. Nc3 d5 4. cxd5 cxd5 5. Nf3 Nc6 6. Bf4 Bf5 7. a3 e6 8. Qb3
Qd7 9. Nb5 Rc8 10. Nc3 Na5 11. Qa2 Bd6 12. Bxd6 Qxd6 13. e3 O-O 14. Nh4 Bc2 15.
Rc1 Bb3 16. Qb1 Ne4 17. Bd3 Nxc3 18. Bxh7+ Kh8 19. Rxc3 Rxc3 20. bxc3 Qxa3 21.
O-O Ba2 22. Qb4 Qxb4 23. cxb4 Nc6 24. b5 Bc4 25. Rb1 Nxd4 26. exd4 Kxh7 27. Nf3
Rc8 28. g3 Bd3 0-1

[Event "Championnat de France - Open A"]
[Site "Pau"]
[Date "2008.08.21"]
[Round "9.18"]
[White "Frih, Ameur"]
[Black "Migot, Tanguy"]
[Result "0-1"]
[WhiteElo "2103"]
[BlackElo "2050"]
[PlyCount "94"]

1. e4 d5 2. exd5 Qxd5 3. Nc3 Qa5 4. d4 Nf6 5. Bc4 Bg4 6. f3 Bf5 7. Bd2 c6 8.
Nge2 Nbd7 9. g4 Bg6 10. h4 h5 11. Nf4 hxg4 12. Nxg6 fxg6 13. fxg4 Qc7 14. Qf3
O-O-O 15. O-O-O e5 16. Bg5 exd4 17. Rxd4 Bc5 18. Bf4 Ne5 19. Be6+ Kb8 20. Rxd8+
Rxd8 21. Qg3 Bd6 22. Kb1 Nexg4 23. Rd1 Bxf4 24. Rxd8+ Qxd8 25. Qxf4+ Qc7 26.
Qb4 c5 27. Qa4 Qg3 28. Bxg4 Qxg4 29. Qxg4 Nxg4 30. Nd5 Ne5 31. Nf4 Kc8 32. Kc1
Kd7 33. Kd1 Ke7 34. Ke2 Kf6 35. Kf2 Kf5 36. Kg3 b6 37. a4 Nc4 38. b3 Ne3 39. c4
Nf1+ 40. Kf2 Nd2 41. Ke3 Nxb3 42. Nd5 Na5 43. Kd3 Nc6 44. Ne3+ Kf4 45. Nd5+ Kg4
46. Ke4 Kxh4 47. Nf4 g5 0-1

[Event "Championnat de France - Open A"]
[Site "Pau"]
[Date "2008.08.21"]
[Round "9.19"]
[White "Lallement, Victor"]
[Black "Quenehen, Marc"]
[Result "1-0"]
[WhiteElo "2097"]
[BlackElo "2084"]
[PlyCount "99"]

1. e4 e5 2. Nf3 Nc6 3. Bb5 Nf6 4. O-O Nxe4 5. d4 Nd6 6. Bxc6 dxc6 7. dxe5 Nf5
8. Qxd8+ Kxd8 9. Nc3 h6 10. Ne4 Be6 11. b3 b6 12. c4 Kc8 13. Bb2 Kb7 14. h3 Ne7
15. Nd4 Bd7 16. Rad1 c5 17. Ne2 Bf5 18. N4c3 Re8 19. f4 Nc6 20. Ng3 Bc8 21. Nd5
a5 22. a4 Nd4 23. Rd3 c6 24. Ne3 f6 25. exf6 gxf6 26. Nh5 Rd8 27. Rfd1 Be7 28.
Kf2 b5 29. axb5 cxb5 30. cxb5 Kb6 31. Bxd4 Rxd4 32. Rxd4 cxd4 33. Nd5+ Kxb5 34.
Nxe7 Be6 35. Nxf6 Bxb3 36. Rxd4 a4 37. Nfd5 Bxd5 38. Rxd5+ Kc4 39. Ra5 Kb3 40.
Nd5 a3 41. Nb6 a2 42. Nc4 Rf8 43. g3 Rf6 44. Ra3+ Kxc4 45. Rxa2 Kd5 46. Re2 Rf5
47. Kf3 Kd6 48. g4 Ra5 49. f5 h5 50. Kg3 1-0

[Event "Championnat de France - Open A"]
[Site "Pau"]
[Date "2008.08.21"]
[Round "9.20"]
[White "Fievet, Patrick"]
[Black "Lagunes, Jean-Renaud"]
[Result "1/2-1/2"]
[WhiteElo "2091"]
[BlackElo "2047"]
[PlyCount "25"]

1. d4 Nf6 2. Nf3 g6 3. c4 Bg7 4. Nc3 d6 5. e4 O-O 6. Be2 Nc6 7. O-O e5 8. d5
Ne7 9. b4 Ne8 10. Bd2 h6 11. Rc1 f5 12. Qb3 f4 13. c5 1/2-1/2

[Event "Championnat de France - Open A"]
[Site "Pau"]
[Date "2008.08.21"]
[Round "9.21"]
[White "Duchateau, Thomas"]
[Black "Carre, Sylvain"]
[Result "1-0"]
[WhiteElo "2088"]
[BlackElo "2044"]
[PlyCount "65"]

1. d4 d5 2. c4 e6 3. Nc3 Nf6 4. Bg5 Nbd7 5. cxd5 exd5 6. e3 c6 7. Bd3 Be7 8.
Qc2 O-O 9. Nge2 Re8 10. f3 Nf8 11. O-O c5 12. Rae1 Be6 13. Bxf6 Bxf6 14. dxc5
Qa5 15. Nb5 Rec8 16. a3 Be7 17. b4 Qd8 18. Nbd4 a5 19. Qb3 axb4 20. axb4 b6 21.
c6 Qd6 22. Rb1 Qe5 23. Bc2 g5 24. f4 gxf4 25. exf4 Qh5 26. f5 Bd6 27. Ng3 Qg4
28. Qe3 Ra3 29. Rb3 Rxb3 30. Bxb3 Bxb4 31. fxe6 Bc5 32. exf7+ Kh8 33. Rf4 1-0

[Event "Championnat de France - Open A"]
[Site "Pau"]
[Date "2008.08.21"]
[Round "9.22"]
[White "Forestier, Carole"]
[Black "Le Hetet, Nicolas"]
[Result "1/2-1/2"]
[WhiteElo "2067"]
[BlackElo "2123"]
[PlyCount "110"]

1. d4 d5 2. Nf3 Nf6 3. c4 c6 4. Nc3 e6 5. e3 Nbd7 6. Bd3 dxc4 7. Bxc4 b5 8. Bd3
Bb7 9. e4 b4 10. Na4 c5 11. e5 Nd5 12. dxc5 Qa5 13. O-O Nxc5 14. Nxc5 Bxc5 15.
Qe2 Qb6 16. Ng5 h6 17. Qh5 g6 18. Qh4 Be7 19. Qh3 Kf8 20. Ne4 Kg7 21. Qg3 Ba6
22. Bxa6 Qxa6 23. Be3 Rac8 24. a3 bxa3 25. bxa3 Qa4 26. Nd6 Rc7 27. Rad1 Rd7
28. Bd4 Rf8 29. Ba1 Kh7 30. Rd4 Qa6 31. Qh3 Rc7 32. Rg4 f5 33. Rd4 Kg7 34. Qb3
Qb6 35. Qd3 Rb8 36. Rxd5 exd5 37. Qxd5 Bf8 38. Qe6 Kh7 39. Qd5 Bg7 40. Bd4 Qb3
41. Qa5 Rd7 42. Qc5 Qd3 43. h3 f4 44. Rc1 f3 45. gxf3 Qxf3 46. e6 Bxd4 47. Qxd4
Re7 48. Nc8 Reb7 49. Kh2 h5 50. e7 Rb2 51. Qh8+ Kxh8 52. e8=Q+ Kg7 53. Rc7+ Kh6
54. Qh8+ Kg5 55. Qd8+ Kh6 1/2-1/2

[Event "Championnat de France - Open A"]
[Site "Pau"]
[Date "2008.08.21"]
[Round "9.23"]
[White "Ane, Cedric"]
[Black "Blachon, Pascal"]
[Result "1-0"]
[WhiteElo "2033"]
[BlackElo "2118"]
[PlyCount "95"]

1. e4 e6 2. d4 d5 3. Nd2 Nf6 4. e5 Nfd7 5. Bd3 c5 6. c3 Nc6 7. Ndf3 Be7 8. Nh3
b6 9. O-O Qc7 10. a3 Bb7 11. b4 c4 12. Bc2 O-O-O 13. Nfg5 Bxg5 14. Nxg5 Nf8 15.
Qg4 Kb8 16. Re1 Ka8 17. Re3 h6 18. Qh5 g6 19. Qh3 Rd7 20. Bd2 Nd8 21. Rg3 h5
22. b5 Nh7 23. Nf3 Bc8 24. Qh4 Nb7 25. Bg5 Rg8 26. Nd2 Nxg5 27. Qxg5 Qd8 28.
Nf3 Kb8 29. Qxd8 Rdxd8 30. Ng5 Rg7 31. Rf3 Rf8 32. Rf6 Kc7 33. Re1 Kd8 34. Re3
Ke7 35. h3 Nd8 36. Kf1 a6 37. bxa6 Bxa6 38. g4 h4 39. f4 Nc6 40. Nf3 Nb8 41. f5
Nd7 42. fxe6 fxe6 43. Rxg6 Rgf7 44. Ke2 Bb5 45. a4 Bc6 46. Ng5 Rf2+ 47. Kd1 Nc5
48. dxc5 1-0

[Event "Championnat de France - Open A"]
[Site "Pau"]
[Date "2008.08.21"]
[Round "9.24"]
[White "Laurent, Maxime"]
[Black "Ralle, Pierre"]
[Result "1/2-1/2"]
[WhiteElo "2033"]
[BlackElo "2113"]
[PlyCount "205"]

1. Nf3 Nf6 2. g3 b6 3. Bg2 Bb7 4. O-O e6 5. c4 d5 6. b3 Nbd7 7. Bb2 Bd6 8. d3
O-O 9. Qc2 c5 10. Nbd2 e5 11. cxd5 Bxd5 12. Nc4 Bc7 13. Ncxe5 Nxe5 14. Bxe5
Bxe5 15. Nxe5 Bxg2 16. Kxg2 Qd5+ 17. Nf3 Rfe8 18. Rfe1 Re6 19. Qc4 Qb7 20. b4
cxb4 21. Qxb4 b5 22. Rac1 a5 23. Qc5 b4 24. e4 Ree8 25. Nd4 h6 26. Nf5 Qa6 27.
Qc4 Qxc4 28. Rxc4 Rad8 29. Nd4 Nd7 30. Nc6 Nb6 31. Nxd8 Nxc4 32. Nc6 Re6 33.
Nxb4 axb4 34. dxc4 Ra6 35. Rb1 Rxa2 36. Rxb4 Kf8 37. Rb7 Rc2 38. Rc7 g5 39. Kf3
Kg7 40. Rc6 h5 41. h3 Rc3+ 42. Kg2 h4 43. gxh4 gxh4 44. c5 Kf8 45. Rc8+ Ke7 46.
Rh8 Rxc5 47. Rxh4 Rc3 48. Rg4 Kf6 49. f3 Ra3 50. Kg3 Ra1 51. Kf4 Rh1 52. h4 Rh3
53. Ke3 Rh2 54. Rf4+ Ke6 55. Kd3 f6 56. Ke3 Ke7 57. Rg4 Ke6 58. f4 Rh1 59. Kf3
Rh3+ 60. Kg2 Re3 61. h5 Kf7 62. f5 Re2+ 63. Kh3 Re3+ 64. Kg2 Re2+ 65. Kf3 Rh2
66. Rg2 Rxh5 67. Rc2 Rh1 68. Rc7+ Kf8 69. Ke3 Rd1 70. Ke2 Rd4 71. Kf3 Rd3+ 72.
Kg4 Re3 73. Kf4 Re1 74. Rc6 Kf7 75. Re6 Ra1 76. Ke3 Rd1 77. Ra6 Ke7 78. Ra3 Rd7
79. Rd3 Ra7 80. Rb3 Rd7 81. Rb5 Rd1 82. Rd5 Re1+ 83. Kd4 Rd1+ 84. Kc5 Rc1+ 85.
Kb5 Rb1+ 86. Kc6 Rc1+ 87. Rc5 Rd1 88. Rc4 Rd2 89. Kc7 Rd7+ 90. Kb8 Rd8+ 91. Kb7
Rd7+ 92. Kb6 Rd1 93. Rc7+ Kf8 94. Rc6 Kf7 95. Kc7 Rd4 96. Re6 Rc4+ 97. Kd6 Rd4+
98. Kc5 Rd1 99. Rd6 Rc1+ 100. Kd5 Rd1+ 101. Kc6 Rc1+ 102. Kd7 Ra1 103. Kd8
1/2-1/2

[Event "Championnat de France - Open A"]
[Site "Pau"]
[Date "2008.08.21"]
[Round "9.25"]
[White "Fevre, Mathieu"]
[Black "Garrel, Alain"]
[Result "1/2-1/2"]
[WhiteElo "2032"]
[BlackElo "2107"]
[PlyCount "52"]

1. f4 d6 2. Nf3 Bg4 3. e4 d5 4. exd5 Qxd5 5. Be2 Nc6 6. Nc3 Qd6 7. d3 Nf6 8. h3
Bxf3 9. Bxf3 O-O-O 10. O-O e6 11. Be3 Nd4 12. Ne4 Nxe4 13. dxe4 Qb6 14. c3
Nxf3+ 15. Qxf3 Bc5 16. Bxc5 Qxc5+ 17. Qf2 Qxf2+ 18. Rxf2 Rd3 19. Kf1 Rhd8 20.
Ke1 b5 21. Rc1 h5 22. a3 Kb7 23. Re2 Kc6 24. c4 R8d7 25. Rec2 Re3+ 26. Re2 Red3
1/2-1/2

[Event "Championnat de France - Open A"]
[Site "Pau"]
[Date "2008.08.21"]
[Round "9.26"]
[White "Robert, Bastien"]
[Black "Lamberti, Hugo"]
[Result "1/2-1/2"]
[WhiteElo "2018"]
[BlackElo "2101"]
[PlyCount "50"]

1. d4 e6 2. c4 Nf6 3. g3 d5 4. Bg2 c6 5. Nf3 Nbd7 6. O-O Be7 7. Nc3 O-O 8. Qc2
Re8 9. e4 Nxe4 10. Nxe4 dxe4 11. Qxe4 Nf6 12. Qc2 Bd6 13. Rd1 Qc7 14. Bg5 Nd7
15. Rac1 h6 16. Be3 e5 17. d5 cxd5 18. Rxd5 Nf6 19. Rdd1 Bg4 20. c5 Bf8 21. Re1
Rad8 22. Nd2 Nd5 23. Qe4 Bh5 24. Nf3 Bg6 25. Qc4 Ne7 1/2-1/2

[Event "Championnat de France - Open A"]
[Site "Pau"]
[Date "2008.08.21"]
[Round "9.27"]
[White "Moucheroud, Jeremy"]
[Black "Fejzovski, Ekrem"]
[Result "1-0"]
[WhiteElo "2012"]
[BlackElo "2093"]
[PlyCount "70"]

1. e4 Nf6 2. e5 Nd5 3. c4 Nb6 4. d4 d6 5. f4 Bf5 6. Nc3 dxe5 7. fxe5 Nc6 8. Be3
e6 9. Be2 Bb4 10. Rc1 Qh4+ 11. Bf2 Qe7 12. Nf3 Rd8 13. O-O O-O 14. Na4 Qe8 15.
c5 Nxa4 16. Qb3 Be4 17. Rfd1 Bd5 18. Qc2 Bxf3 19. Bxf3 Nxd4 20. Rxd4 Rxd4 21.
Bxd4 b6 22. c6 b5 23. Bxa7 Nb6 24. a3 Be7 25. Bxb6 cxb6 26. c7 Bc5+ 27. Kh1 Qd7
28. b4 Qxc7 29. bxc5 bxc5 30. Qxc5 Qa5 31. Qb4 Qb6 32. a4 Qe3 33. Re1 Qf2 34.
axb5 Rb8 35. Rb1 h5 1-0

[Event "Championnat de France - Open A"]
[Site "Pau"]
[Date "2008.08.21"]
[Round "9.28"]
[White "Koch, Alain"]
[Black "Loiseau, Quentin"]
[Result "1/2-1/2"]
[WhiteElo "2090"]
[BlackElo "2028"]
[PlyCount "149"]

1. e4 c5 2. Na3 Nf6 3. e5 Nd5 4. Nf3 Nc6 5. c3 g6 6. Bc4 Nb6 7. Bb3 Bg7 8. d4
cxd4 9. cxd4 d6 10. d5 Nxe5 11. Nxe5 dxe5 12. O-O O-O 13. Re1 h5 14. h3 Bf5 15.
Be3 Nc8 16. g4 hxg4 17. hxg4 Bd7 18. Nc4 b5 19. Nd2 Nd6 20. Rc1 f5 21. Bg5 fxg4
22. Ne4 Nxe4 23. Rxe4 Qb6 24. Be3 Qf6 25. d6+ Kh7 26. dxe7 Qxe7 27. Rxg4 Bh6
28. Rc7 Rad8 29. Qd3 Rf5 30. Bc2 e4 31. Qd4 Bxe3 32. Qxe3 Rf3 33. Qxe4 Qxe4 34.
Rxe4 Kh6 35. Rd4 Rf7 36. Rxa7 Bg4 37. Rxf7 Rxd4 38. Rf6 Bh5 39. Rc6 Kg7 40. Kg2
Rg4+ 41. Kf1 Rc4 42. b3 Rh4 43. Ke1 Rh1+ 44. Kd2 Rf1 45. Ke3 Re1+ 46. Kf4 Rf1
47. Kg3 Rg1+ 48. Kh2 Rg5 49. Be4 Be2 50. f3 Bf1 51. Rc1 Rh5+ 52. Kg3 Bh3 53.
Rc6 Bf5 54. Bxf5 Rxf5 55. b4 Rd5 56. Rc5 Rd2 57. Rxb5 Rxa2 58. Rb6 Rb2 59. b5
Rb4 60. f4 Rb1 61. Rb8 Kh7 62. b6 Kg7 63. Rb7+ Kf6 64. Rb8 Kg7 65. b7 Kh7 66.
Kg4 Kg7 67. Kf3 Kh7 68. Ke4 Kg7 69. Kd3 Kh7 70. Kc2 Rb6 71. Kc3 Kg7 72. Kd4 Rb1
73. Ke4 Kh7 74. Ke5 Kg7 75. Ke4 1/2-1/2

[Event "Championnat de France - Open A"]
[Site "Pau"]
[Date "2008.08.21"]
[Round "9.29"]
[White "Guilbert, Jean-Louis"]
[Black "Normand, Vincent"]
[Result "1-0"]
[WhiteElo "2003"]
[BlackElo "2090"]
[PlyCount "55"]

1. d4 d5 2. c4 Nc6 3. Nc3 dxc4 4. d5 Ne5 5. f4 Nd7 6. Qa4 a6 7. e4 b5 8. Nxb5
axb5 9. Qxa8 Nb6 10. Qa5 Nf6 11. Qxb5+ Bd7 12. Qc5 e6 13. Qd4 exd5 14. exd5 Bb5
15. Qe5+ Kd7 16. Qf5+ Kd6 17. Bd2 c5 18. dxc6 Kxc6 19. Be2 g6 20. Bf3+ Nfd5 21.
Qc2 Bg7 22. a4 Re8+ 23. Ne2 Ba6 24. a5 c3 25. axb6 Bxe2 26. Bxe2 Nb4 27. Qa4+
Kc5 28. Qb5+ 1-0

[Event "Championnat de France - Open A"]
[Site "Pau"]
[Date "2008.08.21"]
[Round "9.30"]
[White "Gras, Delphine"]
[Black "Carrasco, Patrick"]
[Result "1/2-1/2"]
[WhiteElo "1993"]
[BlackElo "2087"]
[PlyCount "42"]

1. e4 e5 2. Nf3 Nc6 3. Bb5 a6 4. Bxc6 dxc6 5. O-O Qd6 6. d4 exd4 7. Qxd4 Qxd4
8. Nxd4 Bd7 9. Bf4 O-O-O 10. Nc3 h5 11. Rad1 f6 12. h4 Nh6 13. e5 fxe5 14. Bxe5
Nf7 15. Bg3 g5 16. Ne4 Be7 17. Nf3 Rdg8 18. hxg5 Nxg5 19. Nexg5 Bxg5 20. Nxg5
Rxg5 21. Bh4 Rg4 1/2-1/2

[Event "Championnat de France - Open A"]
[Site "Pau"]
[Date "2008.08.21"]
[Round "9.31"]
[White "Marchadour, Claire"]
[Black "Menneveux, Jerome"]
[Result "1/2-1/2"]
[WhiteElo "2060"]
[BlackElo "2027"]
[PlyCount "73"]

1. e4 e5 2. Nf3 Nf6 3. Nxe5 d6 4. Nf3 Nxe4 5. Nc3 Nxc3 6. dxc3 Be7 7. Be3 O-O
8. Qd2 Nc6 9. O-O-O Bf6 10. h3 Re8 11. Kb1 Qe7 12. Nh2 Qe4 13. Ng4 Be7 14. b3
Ne5 15. f3 Qc6 16. Bd4 Bf8 17. Ne3 Ng6 18. h4 Nf4 19. c4 d5 20. g3 Nh5 21. cxd5
Qd6 22. g4 Ng3 23. Rg1 Nxf1 24. Rdxf1 Qf4 25. Qd3 c5 26. dxc6 bxc6 27. Ng2 Qc7
28. Bb2 a5 29. Re1 Be6 30. h5 a4 31. h6 axb3 32. axb3 Qa5 33. hxg7 Qa2+ 34. Kc1
Ba3 35. Bxa3 Qxa3+ 36. Kd2 {suite illisible} 36... Rad8 37. Qxd8 1/2-1/2

[Event "Championnat de France - Open A"]
[Site "Pau"]
[Date "2008.08.21"]
[Round "9.32"]
[White "David, Frederic"]
[Black "Thon, Gabriel"]
[Result "1-0"]
[WhiteElo "2054"]
[BlackElo "1985"]
[PlyCount "27"]

1. e4 c5 2. Nc3 e6 3. f4 a6 4. Nf3 Nc6 5. d3 d5 6. g3 Nf6 7. e5 Ng8 8. Bg2 Nh6
9. O-O Nf5 10. g4 Nh4 11. Nxh4 Qxh4 12. Bd2 b5 13. g5 h5 14. h3 1-0

[Event "Championnat de France - Open A"]
[Site "Pau"]
[Date "2008.08.21"]
[Round "9.33"]
[White "Jouneau, Quentin"]
[Black "Lahilhanne, Philippe"]
[Result "1-0"]
[WhiteElo "1978"]
[BlackElo "2051"]
[PlyCount "33"]

1. e4 Nf6 2. Nc3 d5 3. e5 Nfd7 4. d4 e6 5. f4 b6 6. Nf3 Be7 7. Be3 Ba6 8. Ne2
c5 9. c3 Nc6 10. g4 h5 11. gxh5 Bh4+ 12. Ng3 Bxf1 13. Rxf1 Rxh5 14. Ng5 g6 15.
Qg4 cxd4 16. cxd4 Nb4 17. Nxe6 1-0

[Event "Championnat de France - Open A"]
[Site "Pau"]
[Date "2008.08.21"]
[Round "9.34"]
[White "Redon, Bruno"]
[Black "Lograda, Alexis"]
[Result "1-0"]
[WhiteElo "2164"]
[BlackElo "2033"]
[PlyCount "81"]

1. e4 c5 2. Nf3 d6 3. d4 cxd4 4. Nxd4 Nf6 5. Nc3 a6 6. Bg5 e6 7. f4 Be7 8. Qf3
h6 9. Bxf6 Bxf6 10. O-O-O Qb6 11. Nde2 Nd7 12. g4 g5 13. h4 gxh4 14. Kb1 Qc7
15. Rg1 Rg8 16. Bh3 Be7 17. Nd4 Nf8 18. g5 hxg5 19. f5 g4 20. Bxg4 Rxg4 21.
Rxg4 Bd7 22. f6 Bd8 23. Rg8 Qc5 24. Rdg1 Bc6 25. Nxc6 bxc6 26. e5 d5 27. Na4
Qb4 28. R8g4 Qb5 29. Rxh4 Bc7 30. Qc3 O-O-O 31. a3 a5 32. Re1 Ng6 33. Rg4 d4
34. Rxd4 Bxe5 35. Rxd8+ Kxd8 36. Qd2+ Ke8 37. Nc3 Qc5 38. Rd1 Bxf6 39. Ne4 Qe5
40. Nxf6+ Qxf6 41. Qd6 1-0

[Event "Championnat de France - Open A"]
[Site "Pau"]
[Date "2008.08.21"]
[Round "9.35"]
[White "Rodier, David"]
[Black "Venner, Laurent"]
[Result "1/2-1/2"]
[WhiteElo "2162"]
[BlackElo "2029"]
[PlyCount "84"]

1. d4 d5 2. c4 e6 3. Nc3 Nf6 4. cxd5 exd5 5. Bg5 Be7 6. e3 O-O 7. Bd3 Nbd7 8.
Nge2 Re8 9. h3 c6 10. Qc2 Nf8 11. O-O-O Qa5 12. g4 b5 13. Kb1 Ba6 14. Ng3 b4
15. Bxf6 Bxf6 16. Na4 Bxd3 17. Rxd3 Ne6 18. Rc1 Rac8 19. Nf5 Qc7 20. h4 g6 21.
g5 Bd8 22. Nh6+ Kg7 23. f4 f5 24. h5 Nxg5 25. hxg6 hxg6 26. Rh1 Nf7 27. Nxf7
Qxf7 28. Qh2 Bb6 29. Qh6+ Kf6 30. Nxb6 axb6 31. a3 bxa3 32. Rxa3 Ra8 33. Qg5+
Kg7 34. Rc3 Re6 35. Qh4 Qe8 36. Qh7+ Kf6 37. Qb7 Rb8 38. Qh7 Rxe3 39. Qh4+ Kg7
40. Qh7+ Kf6 41. Qh4+ Kg7 42. Qh7+ Kf6 1/2-1/2

[Event "Championnat de France - Open A"]
[Site "Pau"]
[Date "2008.08.21"]
[Round "9.36"]
[White "Jactel, Nicolas"]
[Black "Achereiner, Guillaume"]
[Result "1-0"]
[WhiteElo "2141"]
[BlackElo "2025"]
[PlyCount "53"]

1. e4 e6 2. d4 d5 3. Nc3 Nf6 4. Bg5 dxe4 5. Nxe4 Be7 6. Bxf6 gxf6 7. Qd3 f5 8.
Nc3 a6 9. O-O-O c5 10. d5 Bg5+ 11. Kb1 b5 12. dxe6 Qxd3 13. exf7+ Kxf7 14. Bxd3
Rd8 15. Nh3 Bf6 16. Be2 Rxd1+ 17. Rxd1 Ra7 18. Nd5 Rd7 19. Nhf4 Bb7 20. Bh5+
Kg7 21. Ne6+ Kh6 22. Nxf6 Rxd1+ 23. Bxd1 Bxg2 24. Ng8+ Kg6 25. Nf4+ Kg7 26.
Nxg2 Kxg8 27. Ne3 1-0

[Event "Championnat de France - Open A"]
[Site "Pau"]
[Date "2008.08.21"]
[Round "9.37"]
[White "Lewis, John"]
[Black "Castro, John"]
[Result "0-1"]
[WhiteElo "2134"]
[BlackElo "2014"]
[PlyCount "80"]

1. d4 d5 2. Nf3 Nc6 3. Bf4 Bf5 4. c3 Nf6 5. h3 e6 6. Nbd2 Bd6 7. Bxd6 Qxd6 8.
e3 a6 9. Be2 O-O 10. O-O Ne7 11. c4 b6 12. Rc1 c5 13. dxc5 bxc5 14. Nh4 Bg6 15.
Nxg6 Nxg6 16. Qc2 Rac8 17. cxd5 exd5 18. Rfd1 Rfe8 19. Nb3 Qe5 20. Bxa6 Ra8 21.
Nxc5 Qg5 22. Bf1 Rxa2 23. Ra1 Rxa1 24. Rxa1 d4 25. exd4 Nf4 26. Kh1 g6 27. Qb3
N6d5 28. Nd3 Ne6 29. Ra5 Rd8 30. Qa4 Kg7 31. Ra7 Qd2 32. Ne5 Ndc7 33. Qb3 Qxd4
34. Nxf7 Rd7 35. Ra6 Qxf2 36. Bc4 Qxf7 37. Ra7 Re7 38. Rxc7 Rxc7 39. Bxe6 Rc1+
40. Kh2 Qf4+ 0-1

[Event "Championnat de France - Open A"]
[Site "Pau"]
[Date "2008.08.21"]
[Round "9.38"]
[White "Ruch, Bernard"]
[Black "Nguyen-Huu, Hoang"]
[Result "1/2-1/2"]
[WhiteElo "2022"]
[BlackElo "2129"]
[PlyCount "117"]

1. d4 c6 2. c3 Qc7 3. Nf3 d6 4. e3 e5 5. Nbd2 Nf6 6. dxe5 dxe5 7. Bc4 b5 8. Bb3
Bg4 9. Qc2 Bh5 10. Qf5 Nbd7 11. Ne4 Bd6 12. Nxd6+ Qxd6 13. O-O Bg6 14. Qh3 Nc5
15. Rd1 Qc7 16. Qg3 Nfd7 17. Nh4 Nxb3 18. axb3 Nf6 19. Nf3 Nd7 20. Nh4 a5 21.
Nxg6 hxg6 22. b4 a4 23. e4 O-O 24. Be3 Rfe8 25. f3 Nb6 26. Bxb6 Qxb6+ 27. Qf2
Qxf2+ 28. Kxf2 Kf8 29. Rd7 Re7 30. Rxe7 Kxe7 31. Ke2 Kd6 32. Kd3 c5 33. bxc5+
Kxc5 34. b4+ Kc6 35. Kc2 f5 36. exf5 gxf5 37. Kb2 e4 38. fxe4 fxe4 39. Re1 Kd5
40. Rd1+ Ke5 41. Rd7 g5 42. g3 Rh8 43. Rb7 Rxh2+ 44. Ka3 e3 45. Re7+ Kd5 46.
Rxe3 Rc2 47. g4 Kc4 48. Re4+ Kd3 49. Rd4+ Ke3 50. Rd5 Rxc3+ 51. Ka2 Kf4 52.
Rxb5 Rb3 53. Rb8 Kxg4 54. b5 Kg3 55. b6 Rf3 56. b7 Rf7 57. Rg8 Rxb7 58. Rxg5+
Kf3 59. Ra5 1/2-1/2

[Event "Championnat de France - Open A"]
[Site "Pau"]
[Date "2008.08.21"]
[Round "9.39"]
[White "Velten, Paul"]
[Black "Allorant, Adrien"]
[Result "1/2-1/2"]
[WhiteElo "2112"]
[BlackElo "2011"]
[PlyCount "60"]

1. d4 Nf6 2. Nf3 c5 3. c4 cxd4 4. Nxd4 Nc6 5. Nc3 g6 6. e4 d6 7. Be2 Nxd4 8.
Qxd4 Bg7 9. Be3 O-O 10. Qd2 Be6 11. O-O Qa5 12. Rac1 Rfc8 13. b3 a6 14. Bf3
Rab8 15. Nd5 Qxd2 16. Bxd2 Bxd5 17. exd5 b5 18. cxb5 axb5 19. Rc6 Ra8 20. Rfc1
Re8 21. R1c2 Kf8 22. Rc7 Reb8 23. Kf1 Ke8 24. Bb4 Kd8 25. Ke1 Rxa2 26. Rxa2
Kxc7 27. Ra7+ Rb7 28. Ra8 Rb8 29. Ra7+ Rb7 30. Ra8 Rb8 1/2-1/2

[Event "Championnat de France - Open A"]
[Site "Pau"]
[Date "2008.08.21"]
[Round "9.40"]
[White "Lachique, Francois"]
[Black "Bruneau, Francois"]
[Result "1-0"]
[WhiteElo "2104"]
[BlackElo "2002"]
[PlyCount "63"]

1. d4 Nf6 2. c4 e6 3. g3 d5 4. Nf3 c6 5. Bg2 Bb4+ 6. Bd2 Bxd2+ 7. Nbxd2 O-O 8.
O-O Nbd7 9. Qc2 Re8 10. e4 Nxe4 11. Nxe4 dxe4 12. Qxe4 Nf6 13. Qe2 Qd6 14. Rfd1
b6 15. Ne5 Bb7 16. c5 Qc7 17. Nc4 bxc5 18. dxc5 Ba6 19. Qe5 Re7 20. Nd6 Nd5 21.
Rd4 f6 22. Qh5 Rb8 23. b3 Rb4 24. Rad1 Rxd4 25. Rxd4 Qa5 26. b4 Qxa2 27. b5
cxb5 28. Rxd5 b4 29. Nf5 exd5 30. Bxd5+ Kf8 31. Bxa2 g6 32. Qh6+ 1-0

[Event "Championnat de France - Open A"]
[Site "Pau"]
[Date "2008.08.21"]
[Round "9.41"]
[White "Kharmoudi, Slimane"]
[Black "Lamard, Guillaume"]
[Result "1/2-1/2"]
[WhiteElo "2087"]
[BlackElo "2001"]
[PlyCount "50"]

1. e4 c5 2. Nf3 e6 3. c3 Nf6 4. e5 Nd5 5. d4 cxd4 6. cxd4 d6 7. Nc3 Bd7 8. Nxd5
exd5 9. Bd3 Nc6 10. O-O dxe5 11. dxe5 Bc5 12. a3 O-O 13. Bxh7+ Kxh7 14. Qc2+
Kg8 15. Qxc5 Bg4 16. Bf4 Re8 17. Rfe1 Bxf3 18. gxf3 Qd7 19. Rad1 Qf5 20. Bg3
Nxe5 21. Bxe5 Rxe5 22. Rxe5 Qxe5 23. b4 Rd8 24. Qd4 Qxd4 25. Rxd4 f6 1/2-1/2

[Event "Championnat de France - Open A"]
[Site "Pau"]
[Date "2008.08.21"]
[Round "9.42"]
[White "Csomos, Romain"]
[Black "Iwanesko, Alexandre"]
[Result "1/2-1/2"]
[WhiteElo "2011"]
[BlackElo "2062"]
[PlyCount "64"]

1. d4 Nf6 2. Nf3 g6 3. c4 Bg7 4. Nc3 d6 5. e4 O-O 6. Bd3 Nc6 7. d5 Ne5 8. Nxe5
dxe5 9. O-O e6 10. f3 exd5 11. cxd5 Ne8 12. Be3 f5 13. Qb3 Nd6 14. Nb5 f4 15.
Bd2 Rf7 16. Rac1 Bf8 17. Rc2 g5 18. Nxd6 Bxd6 19. Bb4 g4 20. Bxd6 cxd6 21. fxg4
Bxg4 22. Be2 Bxe2 23. Rxe2 Rc8 24. Rc2 Rxc2 25. Qxc2 Rc7 26. Qe2 Qc8 27. Qh5
Rg7 28. Kh1 Rg6 29. Qh4 Qc7 30. Rg1 Kg7 31. Qh3 Kh8 32. Qf5 Kg7 1/2-1/2

[Event "Championnat de France - Open A"]
[Site "Pau"]
[Date "2008.08.21"]
[Round "9.43"]
[White "Beaucoudray, Marc"]
[Black "Daspres, Loic"]
[Result "1/2-1/2"]
[WhiteElo "2010"]
[BlackElo "2060"]
[PlyCount "85"]

1. e4 g6 2. d4 Bg7 3. Nc3 d6 4. Bc4 Nf6 5. f3 O-O 6. Be3 c6 7. a4 Qa5 8. Nge2
Rd8 9. O-O Nbd7 10. Kh1 c5 11. Nb5 cxd4 12. Nexd4 a6 13. Nb3 Qb4 14. Nc7 Rb8
15. Qe2 Ne5 16. Bd5 Nxd5 17. Nxd5 Qc4 18. Qd2 Nc6 19. Nb6 Qb4 20. Rab1 Be6 21.
Nc1 Qxd2 22. Bxd2 Bd4 23. a5 d5 24. Bf4 Be5 25. exd5 Bxd5 26. Nd3 Bxf4 27. Nxf4
Bc4 28. Nxc4 Rd4 29. b3 Rxf4 30. Rfd1 Rd4 31. c3 Rdd8 32. b4 Rbc8 33. Nb6 Rxd1+
34. Rxd1 Rd8 35. Rd7 Rxd7 36. Nxd7 f6 37. Kg1 Kf7 38. Kf2 e5 39. Ke3 Ke7 40.
Nc5 Nd8 41. Kd3 f5 42. Kc4 Kd6 43. Kd3 1/2-1/2